| 000 | 01474nam a2200337 4500 | ||
|---|---|---|---|
| 001 | 0000018646 | ||
| 003 | CO-CtgCURN | ||
| 005 | 20250509162913.0 | ||
| 008 | 160627s2002 000 0 eng d | ||
| 020 | _a9586904261 | ||
| 040 |
_aCO-CtgCURN _bspa _ccoctgcurn |
||
| 082 | 0 |
_a341.481 _bC15d |
|
| 100 | 1 | _aCamargo de la Torre, Pedro Pablo. | |
| 245 | 1 | 0 |
_aDerecho internacional humanitario / _cPedro Pablo Camargo. |
| 250 | _a3a ed. | ||
| 260 |
_aBogotá : _bLeyer, _c2002. |
||
| 300 | _axi, 860 p. | ||
| 336 | _2rdacontent | ||
| 337 |
_2rdamedia _asin mediacion _bn |
||
| 338 |
_2rdacarrier _avolumen _bnc |
||
| 504 | _aIncluye blibliografia. | ||
| 505 | 8 | _aFundamentos, evolucion y contenido del derecho internacional humanitario.--Consecuencias juridicas del conflicto armado.--Protección de las victimas de los conflictos armados internacionales.--Conflictos armados internacionales en tierra, mar, aire y espacio ultraterrestre.--Armas de destrucción masiva y convenionales prohibidas y de uso restringido | |
| 610 | 2 | 0 |
_aConvenio de La Haya _y1907. |
| 908 | _a160627 | ||
| 942 |
_cBK _h341.481 _iC15d _2ddc _02 _n0 |
||
| 999 |
_c18900 _d18900 |
||